عرض عادي
عرض مارك
- Cosmic rays.
مدخل مصطلح موضوعي
001 - رقم الضبط
- حقل الضبط: 41840
003 - معرف رقم الضبط
- حقل الضبط: OSt
005 - تاريخ ووقت أخر عملية
- حقل الضبط: 20140108183421.0
008 - عناصر بيانات ثابتة الطول
- حقل تحكم ثابت الطول: 140108|||a|||||| | ||| d
040 ## - مصدر الفهرسة
- هيئة الفهرسة الأصلية: OSt
- وكالة الكتابة: OSt
150 ## - مدخل-- مصطلح تاريخي
- عنصر مدخل المصطلح الموضوعي او الاسم الجغرافي: Cosmic rays.
670 ## - بيانات المصدر موجوده
- الاستشهاد بالمصدر: Work cat.: (OSt)0: Bertolotti, Mario. 41839, Celestial messengers :, c2013.
